header

After the new social democracy (Record no. 157288)

MARC details
000 -LEADER
fixed length control field 01465nam a22003494a 4500
082 04 - DEWEY DECIMAL CLASSIFICATION NUMBER
Classification number 330.12/6/0941
100 1# - MAIN ENTRY--AUTHOR NAME
Personal name Fitzpatrick, Tony,
245 10 - TITLE STATEMENT
Title After the new social democracy
260 ## - PUBLICATION, DISTRIBUTION, ETC. (IMPRINT)
Place of publication Manchester ;
-- New York :
Name of publisher Manchester University Press :
-- Distributed exclusively in the USA by Palgrave,
Year of publication 2003.
300 ## - PHYSICAL DESCRIPTION
Number of Pages viii, 232 p. :
Other physical details ill.
650 #0 - SUBJECT ADDED ENTRY--TOPICAL TERM
Topical Term Socialism
Topical Term New Left
Topical Term Mixed economy
856 40 - ELECTRONIC LOCATION AND ACCESS
Uniform Resource Identifier http://site.ebrary.com/lib/rucke/Doc?id=10082140

No items available.

© 2026 Rongo University
Contact us: librarian | system librarian | Rongo university